000 00878nas a2200289 4500
001 BR0000518
003 BR-BrBNA
005 20231205101645.0
007 ta
008 230509b bl.|||p| |||| 00| 00por d
040 _aBR-BrBNA
_bpor
_cBiblioteca Nacional de Agricultura
041 _a(Pt)
072 _aF62
100 1 _aSouza, G.M.
100 1 _aGoncalves, A.N.
100 1 _aMachado Neto, N.B.
245 1 _aCrescimento in vitro de progenies de Eucalyptus camaldulensis Dehn. sob condicoes de deficiencia hidrica
650 _aEucalipto
650 _aDeficiencia Hidrica
650 _aCultura de Tecido
650 _aCrescimento
650 _aProteina
650 _aMateria Seca
773 0 _tScientia Agricola (Brazil)
_xISSN 0103-9016
_g(Jul-Sep 1999), v. 56(3) p. 557-562
_wBR0000518
909 _a202311
_bLúcia
_c55
_dLúcia Elande
942 _2AGRIS
_n0
_cANA
999 _c163078
_d163078